Deracialisation and migration of learners in South African schools : challenges and implications (Record no. 294787)

MARC details
000 -LEADER
fixed length control field 00342nam a2200097Ia 4500
082 ## - DEWEY DECIMAL CLASSIFICATION NUMBER
Classification number EJF HORS
008 - FIXED-LENGTH DATA ELEMENTS--GENERAL INFORMATION
fixed length control field 210817s9999 xx 000 0 und d
100 ## - MAIN ENTRY--PERSONAL NAME
Personal name Sekete, Patience Pretoria, South Africa, 2001
9 (RLIN) 42098
245 #0 - TITLE STATEMENT
Title Deracialisation and migration of learners in South African schools : challenges and implications
942 ## - ADDED ENTRY ELEMENTS
item type Books
Holdings
Withdrawn status Lost status Damaged status Not for loan Home library Current library Date acquired Cost, normal purchase price Total Checkouts Barcode Date last seen Price effective from item type
        Matsulu Matsulu 19.08.2021 57.00   33228021691645 19.08.2021 19.08.2021 Books